Biggest Cities that Start with J - Statistics

General Stats
  • This quiz has been taken 169 times
  • The average score is 6 of 10
Answer Stats
Clue Answer % Correct
Capital of Indonesia Jakarta
100%
Largest City in South Africa Johannesburg
98%
Israeli/Palestinian city made up of 4 different quarters Jerusalem
96%
Saudi Arabian Port City on the Red Sea Jeddah
87%
Capital of South Sudan Juba
76%
Capital of Rajasthan (India) Jaipur
71%
Capital of Shandong (East China) Jinan
28%
Malaysian city just above Singapore Johor Bahru
27%
5th Largest City in Afghanistan Jalalabad
26%
Largest city in Jharkhand (India) Jamshedpur
13%
No matching quizzes found
Score Distribution
Percent of People with Each Score
Percentile by Number Answered
Your Score History
You have not taken this quiz